00732nam a2200169 4500001000500000005001700005008003900022020001800061245013000079260005000209300002700259500008800286650002100374650003200395999001500427952012000442301520181127170326.0840208s1983 nyua b 001 0 eng a978158152598400aThe dimensions reader: bCommunity College of Vermont / cK.D. Maynard. Debby Stewart, Yasmine Ziesler, coordinating editors. aActon, MA: bCopley Custom Textbooks, c2008. axv, 563 p. :bc22 cm. a"An anthology to accompany Community College of Vermont's first semester seminars" 0aCollege readers. 0aEnglish languagexRhetoric. c2423d2423 00102ddc40708MAINaRTCLIBbRTCLIBcMAINh i5398l0o808.8 MAYp30001120r2018-11-27 00:00:00w2018-11-27yMAIN